Animation and Multimedia (Record no. 8136)
[ view plain ]
| 000 -LEADER | |
|---|---|
| fixed length control field | 00716nam a22002297i 4500 |
| 003 - CONTROL NUMBER IDENTIFIER | |
| control field | URS |
| 005 - DATE AND TIME OF LATEST TRANSACTION | |
| control field | 20220114153117.0 |
| 008 - FIXED-LENGTH DATA ELEMENTS--GENERAL INFORMATION | |
| fixed length control field | 170522b xxu||||| |||| 00| 0 eng d |
| 020 ## - INTERNATIONAL STANDARD BOOK NUMBER | |
| International Standard Book Number | 9789713703941 |
| 040 ## - CATALOGING SOURCE | |
| Description conventions | rda |
| Transcribing agency | URSP-College Library |
| Language of cataloging | eng |
| 050 ## - LIBRARY OF CONGRESS CALL NUMBER | |
| Item number | 006.7 J39aa 2010 |
| 100 1# - MAIN ENTRY--PERSONAL NAME | |
| Personal name | Jemma Development Group |
| 245 ## - TITLE STATEMENT | |
| Title | Animation and Multimedia |
| Remainder of title | Adobe Flash CS4 with Windows Movie Maker |
| Statement of responsibility, etc. | Jemma Development Group |
| 264 #1 - PRODUCTION, PUBLICATION, DISTRIBUTION, MANUFACTURE, AND COPYRIGHT NOTICE | |
| Place of production, publication, distribution, manufacture | Philippine |
| Name of producer, publisher, distributor, manufacturer | Jemma, Incorporated |
| Date of production, publication, distribution, manufacture, or copyright notice | 2010. |
| 300 ## - PHYSICAL DESCRIPTION | |
| Extent | xii, 313pages |
| Dimensions | 25cm. |
| 336 ## - CONTENT TYPE | |
| Content type term | text |
| Content type code | txt |
| Source | rdacontent |
| 337 ## - MEDIA TYPE | |
| Media type term | unmediated |
| Media type code | n |
| Source | rdamedia |
| 338 ## - CARRIER TYPE | |
| Carrier type term | volume |
| Carrier type code | nc |
| Source | rdacarrier |
| 500 ## - GENERAL NOTE | |
| General note | include bibliography |
| 650 #0 - SUBJECT ADDED ENTRY--TOPICAL TERM | |
| Topical term or geographic name entry element | animation-multimedia. |
| 942 ## - ADDED ENTRY ELEMENTS (KOHA) | |
| Source of classification or shelving scheme | Library of Congress Classification |
| Koha item type | Filipiniana |
| Withdrawn status | Source of classification or shelving scheme | Damaged status | Not for loan | Collection code | Home library | Current library | Shelving location | Date acquired | Total Checkouts | Full call number | Barcode | Date last seen | Copy number | Price effective from | Koha item type |
|---|---|---|---|---|---|---|---|---|---|---|---|---|---|---|---|
| Library of Congress Classification | Reference | Morong College Library | Morong College Library | 08/04/2015 | NC 1765 .A5 .J399 2010 | URSMOR-CL-26272 | 08/04/2015 | 1 | 01/16/2023 | Filipiniana | |||||
| Library of Congress Classification | Reference | Morong College Library | Morong College Library | 08/04/2015 | NC 1765 .A5 .J399 2010 | URSMOR-CL-26273 | 01/21/2001 | 2 | 01/16/2023 | Filipiniana | |||||
| Library of Congress Classification | Reference | Morong College Library | Morong College Library | 08/04/2015 | NC 1765 .A5 .J399 2010 | URSMOR-CL-26274 | 01/21/2001 | 3 | 01/16/2023 | Filipiniana | |||||
| Library of Congress Classification | Reference | Morong College Library | Morong College Library | 08/04/2015 | NC 1765 .A5 .J399 2010 | URSMOR-CL-26691 | 01/21/2001 | 4 | 01/16/2023 | Filipiniana | |||||
| Library of Congress Classification | Reference | Morong College Library | Morong College Library | 08/04/2015 | NC 1765 .A5 .J399 2010 | URSMOR-CL-26692 | 01/21/2001 | 5 | 01/16/2023 | Filipiniana | |||||
| Library of Congress Classification | Non-fiction | Pililla College Library | Pililla College Library | General Stacks | 05/22/2017 | 006.7 J39aa 2010 | URSPIL-4419. | 05/31/2019 | 1 | 05/22/2017 | Filipiniana | ||||
| Library of Congress Classification | Non-fiction | Pililla College Library | Pililla College Library | General Stacks | 05/22/2017 | 006.7 J39aa 2010 | URSPIL-4420. | 05/31/2019 | 2 | 05/22/2017 | Filipiniana | ||||
| Library of Congress Classification | Non-fiction | Pililla College Library | Pililla College Library | General Stacks | 05/22/2017 | 006.7 J39aa 2010 | URSPIL-4421. | 05/31/2019 | 3 | 05/22/2017 | Filipiniana | ||||
| Library of Congress Classification | Non-fiction | Pililla College Library | Pililla College Library | General Stacks | 05/22/2017 | 006.7 J39aa 2010 | URSPIL-4422 | 05/31/2019 | 4 | 05/22/2017 | Filipiniana | ||||
| Library of Congress Classification | Non-fiction | Pililla College Library | Pililla College Library | General Stacks | 05/22/2017 | 006.7 J39aa 2010 | URSPIL-4423 | 05/31/2019 | 5 | 05/22/2017 | Filipiniana |